000 00848nam a2200253Ia 4500
003 OSt
005 20220927110800.0
006 a|||||r|||| 00| 0
007 ta
008 220926b |||||||| |||| 00| 0 eng d
024 _a103598
037 _cReports
040 _aRTL
_cRTL
_beng
041 _2eng
_aeng
082 _a"X9(J741):545.2.N68t4, L0.1"
110 _a"Administratives Staff College of India, Hyderabad"
_9380274
245 0 _aSurvey of India's export potential of jute and jut
260 _aHyderabad
_bAdministrative Staff College of India India
_c1970
490 _vV1
_aIndia's Export Potential
650 _aJute Industry
700 _a"Administratives Staff College of India, Hyderabad"
_9380275
942 _h"X9(J741):545.2.N68t4, L0.1"
_cCC
999 _c697912
_d697912